000 00633nam a2200205 i 4500
001 54077
003 ES-MaACL
005 20250831113854.0
007 t|
008 031124s1991 sp ||||1| spa d
020 _a84-404-8724-X
100 1 _aLópez Lozano, Carlos.
_973740
245 1 0 _aPrecedentes de la Iglesia Reformada Episcopal /
_cCarlos López Lozano.
260 _aMadrid :
_bIglesia Espñola Reformada,
_c1991.
300 _a205 p. :
_bil. ;
_c17 cm.
610 2 4 _aIglesia Reformada Episcopal
_94687
650 1 4 _aAnglicanismo.
_99826
852 _aES-MaACL
_jL-26695
_bR.132228
999 _c54077
_d54077